Ренуар (Запись № 1343441)

Подробности
000 -МАРКЕР
контрольное поле 01685nam0a2200373 4500
001 - ИДЕНТИФИКАТОР ЗАПИСИ
контрольное поле RU\NLR\bibl\839278
005 - ИДЕНТИФИКАТОР ВЕРСИИ
контрольное поле 20250614144552.0
010 ## - МЕЖДУНАРОДНЫЙ СТАНДАРТНЫЙ НОМЕР КНИГИ (ISBN)
Номер (ISBN) 5-902059-20-8
021 ## - НОМЕР ГОСУДАРСТВЕННОЙ РЕГИСТРАЦИИ
Код страны Российская Федерация
Номер 2005-49136
Номер Листа государственной регистраци 2392
035 ## - ДРУГИЕ СИСТЕМНЫЕ НОМЕРА
Идентификатор записи (NLR Aleph) 000828105
100 ## - ДАННЫЕ ОБЩЕЙ ОБРАБОТКИ
Данные общей обработки 20050912d2003 |||y0rusy50 ca
101 1# - ЯЗЫК РЕСУРСА
Язык текста, звукозаписи и т.д. русский
Язык оригинала французский
102 ## - СТРАНА ПУБЛИКАЦИИ ИЛИ ПРОИЗВОДСТВА
Страна публикации Российская Федерация
105 ## - ПОЛЕ КОДИРОВАННЫХ ДАННЫХ: ТЕКСТОВЫЕ МАТЕРИАЛЫ, МОНОГРАФИЧЕСКИЕ
Кодированные данные о монографическом текстовом документе a |||||||||
200 1# - ЗАГЛАВИЕ И СВЕДЕНИЯ ОБ ОТВЕТСТВЕННОСТИ
Основное заглавие Ренуар
Сведения, относящиеся к заглавию за столом импрессиониста
Первые сведения об ответственности Жан-Бернар Ноден, Жан-Мишель Шарбонье, Франсуа Труши: Жаклин Солнье
Последующие сведения об ответственности [пер. с фр. А.И. Кима]
210 ## - ПУБЛИКАЦИЯ, РАСПРОСТРАНЕНИЕ И ДР.
Место издания, распространения и т.д. Москва
Имя издателя, распространителя и т. д. Кристина & К
-- Кристина - новый век
Дата издания, распространения и т.д. cop. 2003
215 ## - ФИЗИЧЕСКАЯ ХАРАКТЕРИСТИКА
Специфическое обозначение материала и объем 191 с.
Другие сведения о физической характеристике цв. ил., портр.
Размеры 28
300 ## - ОБЩИЕ ПРИМЕЧАНИЯ
Текст примечания На обл. авт.: Жан-Бернар Ноден, Жаклин Солнье, Жан-Мишель Шарбонье
600 #1 - ИМЯ ЛИЦА КАК ПРЕДМЕТ
Начальный элемент ввода Ренуар
Часть имени, кроме начального элемента ввода П.-О.
Даты 1841 - 1919
Расширение инициалов личного имени Пьер-Огюст
Системный номер авторитетной/нормативной записи 999033
Идентификатор авторитетной/нормативной записи RU\NLR\auth\66378563
606 1# - НАИМЕНОВАНИЕ ТЕМЫ КАК ПРЕДМЕТ
Наименование темы Кулинарное производство
Тематический подзаголовок Французская кухня
Системный номер авторитетной/нормативной записи 1455044
Идентификатор авторитетной/нормативной записи RU\NLR\auth\66616831
606 1# - НАИМЕНОВАНИЕ ТЕМЫ КАК ПРЕДМЕТ
Наименование темы Французская кухня
Системный номер авторитетной/нормативной записи 2101102
Идентификатор авторитетной/нормативной записи RU\NLR\auth\661270716
686 ## - ИНДЕКСЫ ДРУГИХ КЛАССИФИКАЦИЙ
Индекс Л997(3)Французская
686 ## - ИНДЕКСЫ ДРУГИХ КЛАССИФИКАЦИЙ
Индекс Щ143(4Фр)5-8Ренуар
701 #1 - ИМЯ ЛИЦА - АЛЬТЕРНАТИВНАЯ ОТВЕТСТВЕННОСТЬ
Начальный элемент ввода Ноден
Часть имени, кроме начального элемента ввода Ж. -Б.
Расширение инициалов личного имени Жан-Бернар
Код отношения Автор
701 #1 - ИМЯ ЛИЦА - АЛЬТЕРНАТИВНАЯ ОТВЕТСТВЕННОСТЬ
Начальный элемент ввода Шарбонье
Часть имени, кроме начального элемента ввода Ж. -М.
Расширение инициалов личного имени Жан-Мишель
Код отношения Автор
701 #1 - ИМЯ ЛИЦА - АЛЬТЕРНАТИВНАЯ ОТВЕТСТВЕННОСТЬ
Начальный элемент ввода Труши
Часть имени, кроме начального элемента ввода Ф.
Расширение инициалов личного имени Франсуа
Код отношения Автор
701 #1 - ИМЯ ЛИЦА - АЛЬТЕРНАТИВНАЯ ОТВЕТСТВЕННОСТЬ
Начальный элемент ввода Солнье
Часть имени, кроме начального элемента ввода Ж.
Расширение инициалов личного имени Жаклин
Код отношения Автор
801 #0 - ИСТОЧНИК ЗАПИСИ
Страна Российская Федерация
Организация NLR
Дата составления 20050912
Правила каталогизации rcr
801 #1 - ИСТОЧНИК ЗАПИСИ
Страна Российская Федерация
Организация NLR
Дата составления 20050912
942 ## - ДОПОЛНИТЕЛЬНЫЕ ЭЛЕМЕНТЫ ЗАПИСИ (АБИС)
Тип экземпляра АБИС Книга
980 ## - КОЛЛЕКЦИЯ
Название коллекции Национальная библиография
Экземпляры
Тип экземпляра Дата поступления Источник поступления Библиотека постоянного хранения Библиотека текущего хранения Место хранения Шифр хранения Штрих-код Статус экземпляра
Книга 12.09.2005 Обязательный экземпляр РНБ (Московский) РНБ (Московский) Русский книжный фонд: издания с 1957 года 2005-8/2630 1-1596162  
Книга 12.09.2005 Обязательный экземпляр РНБ (Московский) РНБ (Московский) Русский книжный фонд: издания с 1957 года 2005-8/2630 990681